Cenné papíry
Cenný papier - peňažná pohľadávka alebo majetkový nárok vlastníka voči tomu, kto cenný papier vystavil. Základné druhy cenných papierov: obligácie, akcie, zástavné (hypotekárne) listy, pokladničné poukážky, depozitné certifikáty, zmenky, vkladové listy, podielové listy. Obchody s cennými papierami....
Gespeichert in:
| 1. Verfasser: | |
|---|---|
| Format: | Buchkapitel |
| Sprache: | Tschechisch |
| Schlagworte: | |
| Tags: |
Keine Tags, Fügen Sie das erste Tag hinzu!
|
MARC
| LEADER | 00000naa a2200000 4500 | ||
|---|---|---|---|
| 001 | r016148 | ||
| 005 | 20221205075540.3 | ||
| 041 | 0 | |a cze | |
| 044 | |a CZ | ||
| 245 | 1 | 0 | |a Cenné papíry |c P. Jaroš |
| 520 | |a Cenný papier - peňažná pohľadávka alebo majetkový nárok vlastníka voči tomu, kto cenný papier vystavil. Základné druhy cenných papierov: obligácie, akcie, zástavné (hypotekárne) listy, pokladničné poukážky, depozitné certifikáty, zmenky, vkladové listy, podielové listy. Obchody s cennými papierami. Peňažné burzy sa delia na: burzy cenných papierov, termínové finančné burzy, opčné burzy. | ||
| 610 | 2 | 0 | |a papiere cenné |
| 610 | 2 | 0 | |a trh finančný |
| 610 | 2 | 0 | |a trh peňažný |
| 610 | 2 | 0 | |a trh kapitálový |
| 610 | 2 | 0 | |a obligácie |
| 610 | 2 | 0 | |a akcie |
| 610 | 2 | 0 | |a hypotéky |
| 610 | 2 | 0 | |a poukážky pokladničné |
| 610 | 2 | 0 | |a certifikáty depozitné |
| 610 | 2 | 0 | |a zmenky |
| 610 | 2 | 0 | |a listy vkladové |
| 610 | 2 | 0 | |a listy podielové |
| 610 | 2 | 0 | |a burzy |
| 100 | 1 | |a Jaroš, P. | |